Variety kulturních dějin / Peter Burke ; [z anglického originálu ... přeložil Jiří Ogrocký]
Record details
- ISBN: 80-7325-081-0
- Physical Description: 251 s. ; 21 cm
- Edition: 1. vyd.
- Publisher: Brno : Centrum pro studium demokracie a kultury (CDK), 2006
Content descriptions
| Bibliography, etc. Note: | Obsahuje bibliografii, bibliografické odkazy a rejstřík |
Search for related items by subject
| Genre: | eseje essays |
Search for related items by series
Available copies
- 1 of 1 copy available at Common Catalog SPOK.
Holds
- 0 current holds with 1 total copy.
Show Only Available Copies
| Location | Call Number / Copy Notes | Barcode | Shelving Location | Status | Due Date |
|---|---|---|---|---|---|
| Jabok Library | Soc-1.5 | 424480019344 | Odborná literatura | Available | - |
| LDR | 01962nam a2200541 a 4500 | ||
|---|---|---|---|
| 001 | 14111 | ||
| 003 | CZ-PrJAB | ||
| 005 | 20200319131346.0 | ||
| 007 | ta | ||
| 008 | 060324s2006 xr e 001 e cze | ||
| 015 | . | ‡acnb001648675 | |
| 020 | . | ‡a80-7325-081-0 ‡q(váz.) | |
| 035 | . | ‡a(CZ PrNK)nkc20061648675 | |
| 035 | . | ‡a(OCoLC)85545836 | |
| 040 | . | ‡aABA001 ‡bcze | |
| 041 | 1 | . | ‡acze ‡heng |
| 043 | . | ‡ae-it--- | |
| 045 | . | ‡au-v- | |
| 072 | 7. | ‡a930.85 ‡xDějiny civilizace. Kulturní dějiny ‡2Konspekt ‡98 | |
| 080 | . | ‡a930.85 ‡2MRF | |
| 080 | . | ‡a130.2(091) ‡2MRF | |
| 080 | . | ‡a930 ‡2MRF | |
| 080 | . | ‡a(450) ‡2MRF | |
| 080 | . | ‡a(0:82-4) ‡2MRF | |
| 100 | 1 | . | ‡aBurke, Peter, ‡d1937- ‡7jn19981000389 ‡4aut |
| 245 | 1 | 0. | ‡aVariety kulturních dějin / ‡cPeter Burke ; [z anglického originálu ... přeložil Jiří Ogrocký] |
| 250 | . | ‡a1. vyd. | |
| 260 | . | ‡aBrno : ‡bCentrum pro studium demokracie a kultury (CDK), ‡c2006 | |
| 300 | . | ‡a251 s. ; ‡c21 cm | |
| 490 | 1 | . | ‡aKlasikové společenských věd |
| 504 | . | ‡aObsahuje bibliografii, bibliografické odkazy a rejstřík | |
| 648 | 7. | ‡a16.-17. století ‡7ch757028 ‡2czenas | |
| 650 | 0 | 7. | ‡akulturní dějiny ‡7ph122020 ‡2czenas |
| 650 | 0 | 7. | ‡akulturní dějiny ‡7ph122020 ‡zItálie ‡y16.-17. století ‡2czenas |
| 650 | 0 | 7. | ‡akulturologie ‡7ph122031 ‡xdějiny ‡2czenas |
| 650 | 0 | 7. | ‡ahistoriografie ‡7ph114672 ‡2czenas |
| 650 | 0 | 9. | ‡acultural history ‡2eczenas |
| 650 | 0 | 9. | ‡acultural history ‡zItaly ‡y16th-17th centuries ‡2eczenas |
| 650 | 0 | 9. | ‡aculturology ‡xhistory ‡2eczenas |
| 650 | 0 | 9. | ‡ahistoriography ‡2eczenas |
| 655 | 7. | ‡aeseje ‡7fd132213 ‡2czenas | |
| 655 | 9. | ‡aessays ‡2eczenas | |
| 765 | 0 | . | ‡tVarieties of cultural history ‡9Česky |
| 830 | 0. | ‡aKlasikové společenských věd | |
| 910 | . | ‡aABG312 | |
| 995 | . | ‡aska | |
| 901 | . | ‡a14111 ‡bCZ PrNK ‡c14111 ‡tbiblio | |